Пропуск в контексте

Право и личность: история, теория и практика: сборник научно-практических материалов

Сборник научных работ, материалов всероссийских научных конференций, проведенных кафедрой права, экономики и методики их преподавания и другими кафедрами Института общественных наук УрГПУ, включает в себя тексты статей и тезисов конференций научно-педагогических и практических работников, студентов,...

Полное описание

Сохранить в:
Библиографические подробности
Формат: Книга
Язык:Russian
Опубликовано: Екатеринбург УрГПУ 2021
Online-ссылка:https://e.lanbook.com/book/438053
https://e.lanbook.com/img/cover/book/438053.jpg
Метки: Добавить метку
Нет меток, Требуется 1-ая метка записи!
LEADER 02466nam0a2200265 i 4500
001 438053
003 RuSpLAN
005 20241018184747.0
008 241018s2021 ru gs 000 0 rus
020 |a 978-5-7186-1892-1 
040 |a RuSpLAN 
041 0 |a rus 
044 |a ru 
080 |a 340:37.035 
084 |a Х408+Ч400.526  |2 rubbk 
245 0 0 |a Право и личность: история, теория и практика: сборник научно-практических материалов 
260 |a Екатеринбург  |b УрГПУ  |c 2021 
300 |a 196 с. 
504 |a Библиогр.: доступна в карточке книги, на сайте ЭБС Лань 
520 8 |a Сборник научных работ, материалов всероссийских научных конференций, проведенных кафедрой права, экономики и методики их преподавания и другими кафедрами Института общественных наук УрГПУ, включает в себя тексты статей и тезисов конференций научно-педагогических и практических работников, студентов, магистрантов, аспирантов, молодых ученых. Географически материалы представлены такими городами, как Екатеринбург, Новосибирск, Санкт-Петербург, Ростов-на-Дону, Таганрог, Уфа и др. В сборнике 2 раздела, включающие тексты статьи, тексты докладов на конференции, тезисы выступлений на секциях. Издание адресовано специалистам в сфере права, педагогики и психологии, а также широкому кругу читателей, проявляющих интерес к теоретическим и практическим проблемам современного права и образования. 
521 8 |a Книга из коллекции УрГПУ - Экономика и менеджмент 
521 8 |a СЭБ 
856 4 |u https://e.lanbook.com/book/438053 
856 4 8 |u https://e.lanbook.com/img/cover/book/438053.jpg 
953 |a https://e.lanbook.com/img/cover/book/438053.jpg